| 000 | 00433nam a22001697a 4500 | ||
|---|---|---|---|
| 999 |
_c524641 _d524641 |
||
| 003 | NUST | ||
| 038 | _awaseem | ||
| 082 |
_a891.421 _bJOS |
||
| 100 |
_aJosh, A.G _915444 |
||
| 245 |
_aDil Diyaan Baariyaan / _cA.G Josh |
||
| 260 |
_aLahore : _bShirqat Press, _c2003. |
||
| 300 | _a144 p. ; | ||
| 500 | _aHardcover. | ||
| 880 |
_6100-01\r _aاے جی جوش |
||
| 880 |
_6245-02\r _a دل دیاں باریاں / |
||
| 942 |
_2ddc _cBK |
||